000 01056nam a2200289 a 4500
001 000023503
005 20260417092137.0
008 101209s1988 ag a r 000 | spa d
020 _a9501800873
040 _aDO-SdBNP
_bspa
_cBNPHU
041 1 7 _aeng
_hspa
_2Código del idioma MARC
082 _a323
_bB658d
100 1 _aRhoda Lois Blumberg
_948435
240 1 0 _aCivil rights : the 1960s freedom struggle.
_lEspañol
245 1 4 _aLos derechos civiles :
_bla lucha por la libertad en la década de 1960 /
_cRhoda Lois Blumberg ; traducción Teresa Cillo.
260 _aBuenos Aires, (Argentina) :
_bEdiciones Tres Tiempos,
_c1988.
300 _a287 p. :
_bil. ;
_c20 cm.
500 _aIncluye notas al pie de páginas
534 _aTítulo original :
_tCivil rights : the 1960s freedom struggle
650 0 _aDerecho civil
_95702
650 4 _aDerechos personales
_948436
650 0 _aDerechos políticos
_948437
650 0 _aGarantías (Derecho)
_948438
650 0 _aLibertad
_931851
700 1 _aCillo, Teresa,
_etr.
_948439
049 _aBNGR
999 _c22999
_d22999